Statistics for World Capitals Closest to Brasilia

Click here to take the quiz!

General Stats

  • This quiz has been taken 110 times
    (78 since last reset)
  • The average score is 7 of 10

Answer Stats

DistanceCapital% Correct
2339 kmBuenos Aires
97%
2281 kmMontevideo
89%
2158 kmLa Paz
86%
3166 kmLima
86%
3011 kmSantiago
83%
1462 kmAsuncion
76%
2753 kmGeorgetown
72%
2532 kmParamaribo
63%
1874 kmSucre
51%
3298 kmPort of Spain
34%

Score Distribution

Percentile by Number Answered

Percent of People with Each Score

Your Score History

You have not taken this quiz since the last reset